Normal view
MARC view
- Supervisor SHAHZAD AMIN SHEIKH
Entry Personal Name
001 - CONTROL NUMBER
- control field: 69906
003 - CONTROL NUMBER IDENTIFIER
- control field: NUST
005 - DATE AND TIME OF LATEST TRANSACTION
- control field: 20210628204325.0
008 - FIXED-LENGTH DATA ELEMENTS
- fixed length control field: 210628|| aca||aabn | a|a d
040 ## - CATALOGING SOURCE
- Original cataloging agency: NUST
- Transcribing agency: NUST
100 ## - HEADING--PERSONAL NAME
- Personal name: Supervisor SHAHZAD AMIN SHEIKH
670 ## - SOURCE DATA FOUND
- Source citation: Work cat.: (NUST): SYED WAQAS HAIDER SHAH DR 69905, TH-SOF-1325-A Technique for multi user MIMO Spatial Channel Model for out door environments, 2016
